Οι Χώρες που Συνορεύουν τη Ρωσία - Statistics

General Stats
  • This quiz has been taken 71 times
  • The average score is 12 of 14
Answer Stats
Μήκος Χώρα % Correct
6,846 χλμ Καζακστάν
98%
1,576 χλμ Ουκρανία
98%
959 χλμ Λευκορωσία
98%
3,645 χλμ Κίνα
94%
292 χλμ Λετονία
94%
290 χλμ Εσθονία
94%
227 χλμ Λιθουανία
92%
3,441 χλμ Μογγολία
90%
1,313 χλμ Φινλανδία
88%
723 χλμ Γεωργία
88%
284 χλμ Αζερμπαϊτζάν
87%
206 χλμ Πολωνία
81%
18 χλμ Βόρεια Κορέα
81%
196 χλμ Νορβηγία
56%
No matching quizzes found
Score Distribution
Percent of People with Each Score
Percentile by Number Answered
Your Score History
You have not taken this quiz